000 01025cad a22002175a 4500
001 L144278
008 080708s2008 xxk df s 000 0 eng d
035 _a(Sirsi) u144278
041 0 _aeng
110 2 _aGVA Grimley
_93646
245 0 0 _aRating revaluation 2010
_h[electronic resource]
260 _aLondon
_bGVA Grimley
_c2008
490 0 _aResearch Briefing
520 _aNew rateable values for non-domestic rents will be effective on 1 April 2010, based on rental values on 1st April 2008. This report analyses rental trends in the sectors of office, retail, industry from April 2003 to April 2008. It also projects the expected rent rates from 1 April 2010 for those renting major commercial properties in key places.
521 _aAdvanced
590 _aKA NTK
651 4 _aGreat Britain
_y1707-
690 _aPROPERTY-COMMERCIAL PROPERTY-COMMERCIAL PROPERTY TAXATION-COMMERCIAL PROPERTY TAXATION VALUATION
856 4 8 _uhttps://www.gvagrimley.co.uk/
_zView this item at www.gvagrimley.co.uk...
942 _n0
999 _c108435
_d108435